000 01019nam0a2200301 4500
001 RU\NLR\bibl\32412
005 20260406150624.0
010 _a5-7632-0785-8
_915000
021 _aRU
_b98-43350
_92080
035 _a(NLR Aleph) 000031585
090 _a158546
_c158546
100 _a19990609d1998 |||y0rusy50 ca
101 0 _arus
102 _aRU
105 _aa |||||||||
200 1 _aВечно молодая Стелла
_eСказоч. повесть
_fСергей Сухинов
_gХудож. М. Мисуно
210 _aМ.
_cАРМАДА
_d1998
215 _a189 с.
_cцв. ил.
_d22
225 1 _aИзумрудный город
686 _aШ9(2)62=Р7-2
700 1 _4070
_8rus
_7ca
_aСухинов
_bС. С.
_f1950-
_gСергей Стефанович
_3RU\NLR\auth\775099
_9115068
801 0 _aRU
_bNLR
_c19990609
_gPSBO
801 1 _aRU
_bNLR
_c19990609
852 _aNLR
_j99-5/1327
942 _cBOOK
980 _aNB